| 000 | 00906nac a22002411u 4500 | ||
|---|---|---|---|
| 010 | _a 90008165 | ||
| 020 | _a0415046416 | ||
| 082 | 0 | 0 |
_a332.401 _bSIM |
| 090 |
_c6428 _d6428 |
||
| 100 | _aSimmel, Georg, | ||
| 245 | 1 | 4 |
_aThe philosophy of money / _cGeorg Simmel ; edited by David Frisby ; translated by Tom Bottomore and David Frisby from a first draft by Kaethe Mengelberg. |
| 250 | _a2nd enl. ed. | ||
| 260 |
_aLondon ; _aNew York : _bRoutledge,1990 _c1990. |
||
| 300 |
_axli, 537 p. ; _c24 cm. |
||
| 500 | _aTranslation of: Die Philosophie des Geldes. | ||
| 500 | _a"First published in 1978 by Routledge and Kegan Paul Ltd."--Prelim. | ||
| 500 | _adistributer: Al-Ahram | ||
| 504 | _aIncludes bibliographical references and index. | ||
| 511 | _acatalogued by: wessam | ||
| 650 | 0 | _aMoney. | |
| 700 | 1 | _aFrisby, David. | |
| 942 |
_cBB _k332.401SIM |
||
| 999 |
_c6428 _d6428 |
||